تهافت الفلاسفة للإمام الغزالي ;; Tahāfut al-falāsifah lil-Imām.al-Gazzali / (Record no. 78359)
[ view plain ]
| 000 -LEADER | |
|---|---|
| fixed length control field | 00889nam a2200241 u 4500 |
| 001 - CONTROL NUMBER | |
| control field | 78359 |
| 003 - CONTROL NUMBER IDENTIFIER | |
| rucl marc code | BD-RjUL |
| 005 - DATE AND TIME OF LATEST TRANSACTION | |
| control field | 20230814153650.0 |
| 008 - FIXED-LENGTH DATA ELEMENTS--GENERAL INFORMATION | |
| fixed length control field | 210916m1947 ua || |000 0 ara|| |
| 035 ## - SYSTEM CONTROL NUMBER | |
| System control number | (BD-RjUL)78585 |
| 040 ## - CATALOGING SOURCE | |
| Original cataloging agency | UkOxU |
| Language of cataloging | eng |
| Transcribing agency | BD-RjUL |
| 041 ## - LANGUAGE CODE | |
| Language code of text/sound track or separate title | ara |
| 082 ## - DEWEY DECIMAL CLASSIFICATION NUMBER | |
| Edition number | 23 |
| Classification number | 181.947 |
| Author mark and year | GAT 1947 |
| 100 1# - MAIN ENTRY--PERSONAL NAME | |
| Personal name | غزالي.;; Ghazali. |
| 9 (RLIN) | 247773 |
| 245 10 - TITLE STATEMENT | |
| Title | تهافت الفلاسفة للإمام الغزالي ;; Tahāfut al-falāsifah lil-Imām.al-Gazzali / |
| Statement of responsibility, etc. | lil'iimam alghazalii sulayman dunya;; للإمام الغزالي ; سليمان دنيا |
| 260 ## - PUBLICATION, DISTRIBUTION, ETC. (IMPRINT) | |
| Place of publication, distribution, etc. | [al-Qāhirah] :القاهرة] : |
| Name of publisher, distributor, etc. | dar al ahaul kutub, |
| Date of publication, distribution, etc. | 1947 |
| 300 ## - PHYSICAL DESCRIPTION | |
| Pagination | v. in 1 ; |
| Size | 25 cm. |
| 505 ## - FORMATTED CONTENTS NOTE | |
| Formatted contents note | Vol. 1 |
| 650 #0 - SUBJECT ADDED ENTRY--TOPICAL TERM | |
| Topical term or geographic name as entry element | Islam and philosophy. |
| 9 (RLIN) | 247774 |
| 700 02 - ADDED ENTRY--PERSONAL NAME | |
| Personal name | Ghazzālī, |
| Dates associated with a name | 1058-1111. |
| 880 02 - ALTERNATE GRAPHIC REPRESENTATION | |
| Linkage | 700-05/(3/r |
| a | خوجه زاده. |
| t | تهافت الفلاسفة. |
| 942 ## - ADDED ENTRY ELEMENTS (KOHA) | |
| Source of classification or shelving scheme | Dewey Decimal Classification |
| Koha item type | Books |
| Lost status | Source of classification or shelving scheme | Damaged status | Not for loan | Collection code | Permanent Location | Current Location | Shelving location | Date acquired | Full call number | Date last seen | Copy number | Koha item type |
|---|---|---|---|---|---|---|---|---|---|---|---|---|
| Dewey Decimal Classification | Not For Loan | Non-fiction | Central Library, University of Rajshahi | Central Library, University of Rajshahi | Reading Room | 13/09/2021 | A 181.947 GAT 1947 | 13/09/2021 | C-1 | Books |